Turkish poultry : producers & exporters guide.
| Format: | Book |
|---|---|
| Published: |
Istanbul:
Turkish Poultry Promotion Group,
2013.
|
| Subjects: |
| LEADER | 00501cam a2200145 7i4500 | ||
|---|---|---|---|
| 001 | 0000029804 | ||
| 005 | 20130722090000.0 | ||
| 090 | 0 | 0 | |a TUR 382.6 |b TUR |
| 245 | 0 | 0 | |a Turkish poultry : |b producers & exporters guide. |
| 260 | 0 | 0 | |a Istanbul: |b Turkish Poultry Promotion Group, |c 2013. |
| 300 | # | # | |a 118 p. |
| 650 | 0 | 0 | |a Turkish Poultry -- |x Exporters -- |z Turkey |
| 650 | 0 | 0 | |a Agriculture -- |x Turkish Poultry -- |x Exporters -- |z Turkey |
| 651 | 0 | 0 | |a Turkey |
| 999 | |a 0000032774 |b Book |c Countries |e Business Information Centre | ||